000 00639nam a2200229Ia 4500
008 160319s9999 xx 000 0 und d
020 _a971-30-1208-9
050 _aFIL TX 360.P5
050 _b.C53 2002 c.1
100 _aClaudio, Virginia S.
245 _aBasic nutrition for Filipinos /
245 _cVirginia S. Claudio, Ofelia V. Dirige.
260 _aManila :
260 _bMerriam and Webster Bookstore, Inc.,
260 _c2002
300 _aI-6 pages :
300 _billustrations ;
300 _c25 cm.
500 _aIncludes index.
650 _aNutrition -- Filipinos.
650 _xDiet theraphy -- Filipinos.
999 _c291952
_d291952